000 01846nam a2200421 i 4500
001 196161
003 ES-MaACL
005 20250825062743.0
008 240816s2022 sp a | |||| 000 0 spa
015 _aMON22
017 _aV 3309-2022
_bOficina Depósito Legal Valencia
020 _a9788418598807
035 _a(SpMaBN)a7228666
035 _a991047100879708606
040 _aSpMaBN
_bspa
_cSpMaBN
_erda
080 _a929 Vilar Gallego, Lola
080 _a61 Vilar Gallego, Lola
100 _aEltayeb Ferrer, Sara
_9238402
_eaut
245 1 0 _aDolores Vilar Gallego (1900-1992) y la Asociación Española de Mujeres Médicos /
_cSara Eltayeb Ferrer, Carla P. Aguirre Marco, José L. Fresquet Febrer.
264 1 _aValencia :
_bNeopàtria,
_c2022.
300 _a148 páginas :
_bilustraciones (blanco y negro) ;
_c23 cm.
336 _aTexto
_aImagen fija
_2rdacontent
337 _asin mediación
_2rdamedia
338 _avolumen
_2rdacarrier
504 _aBibliografía: páginas 133-139
530 _aVersión digital disponible en: https://www.comv.es/wp-content/uploads/2022/11/LIBRO-DOLORES-VILAR-1.pdf
600 0 _aVilar Gallego, Lola,
_d1900-1992
_9238403
610 0 _aAsociación Española de Mujeres Médicos (Valencia)
_9238404
655 0 _aBiografías
_9176647
700 _aAguirre Marco, Carla P
_9238405
_eaut
700 1 _aFresquet Febrer, José Luis
_9169967
_eaut
852 _aES-MaACL
_bR.153509
_cDEPOJ
_jN-9229
_hDonación: Editorial
_xEncuadernación rústica con solapas
_9205189
856 4 _7Accesible a 5/5/2025
_uhttps://www.comv.es/wp-content/uploads/2022/11/LIBRO-DOLORES-VILAR-1.pdf
_yVersión digital
942 _cMONOGRAFIA
_n0
999 _c196161
_d196161